| 000 | 01061nam0a22002891 4500 | ||
|---|---|---|---|
| 001 | v19\rc\1670927 | ||
| 005 | 20250619013426.0 | ||
| 035 | _a(NLR Aleph) 004778496 | ||
| 090 |
_a4663058 _c4663058 |
||
| 100 | _a20061002d1893 |||y0rusy50 ca | ||
| 101 | 0 | _arus | |
| 102 | _aRU | ||
| 105 | _ay z ||||| | ||
| 200 | 1 |
_aДомашняя химия _eПростые домаш. способы определения свежести пищевых продуктов и открытие примесей и подмесей к ним |
|
| 210 |
_aМосква _cтипо-лит. т-ва И.Н. Кушнерев и К° _d1893 |
||
| 215 |
_a32 с. _d23 |
||
| 300 | _aПеред загл. авт.: д-р А.И. Макиевский | ||
| 700 | 1 |
_aМакиевский _bА.И. _f1864- _gАнатолий Исаевич |
|
| 801 | 0 |
_aRU _bNLR _gpsbo |
|
| 801 | 0 |
_aRU _bRuMoRGB _2psbo |
|
| 801 | 1 |
_aRU _bProSoft-M _2rusmarc |
|
| 852 |
_aNLR _j18.270.5.92 |
||
| 899 |
_aRuMoRGB _jA 256/781 |
||
| 899 |
_aRuMoRGB _jU 226/2602 |
||
| 899 | _aБАН | ||
| 942 | _cBOOK | ||
| 980 | _aNB | ||